000 00663nam a2200229 a 4500
001 000045141
003 DO-SdBNP
005 20250522113441.0
007 ta
008 150205s1999 dr a 000 0 spa d
020 _a9684601859
040 _aDO-SdBNP
_bspa
_cBNPHU
082 _aR615.1
_bR332m
_222
245 0 0 _aRefermed :
_bguía básica de referencia de medicamentos
260 _aSanto Domingo :
_bDominicana de Panamaericana de Libros de Medicina,
_c1999.
300 _a1000 p . :
_bil. ;
_c27 cm.
590 _aInventariado, 2022 / DG
650 4 _aFarmacología
_973153
650 0 _aNiños
_xcrecimiento
_973156
910 _aDG
942 _2ddc
_cLBS1
999 _c52825
_d52825